000 00359 a2200157 4500
001 195053
020 _a978-85-507-0060-1
040 _cMagnum
100 _aKinney, Jeff
240 1 0 _aDiário de um banana 11
_l
245 1 0 _aDiário de um banana 11
300 _a217
362 0 _a2016
697 _aLITERATURA INFANTO-JUVENIL ESTRANGEIRA
942 _cBK
999 _c195053
_d195053